000 02618nas a2200541 c 4500
001 26062
003 ES-MaCES
005 20250409095010.0
007 cr |||||||||||
008 120314c2012 sp | p o| 0spa d
022 1 _a2174-7504
022 1 _a2254-3295
022 1 _a2660-4647
022 1 _a2254-3511 (ISSNe)
024 7 _a270-12-008-X
_2nipo
024 7 _a270-14-028-2
_2nipo-e
035 _aCES20120000022p
040 _aES-MaCES
_bspa
_cES-MaCES
245 0 0 _aRevista del Ministerio de Trabajo, Migraciones y Seguridad Social
246 3 3 _aRevista del Ministerio de Empleo y Seguridad Social
_f - (n. 136 (2018)
246 3 3 _aRevista del Ministerio de Trabajo y Economía Social
_f- (n. 147 (2018)
260 _aMadrid (Agustín de Bethencourt, 11, 28003)
_bMinisterio de Empleo y Seguridad Social. Sudirección General de Información Administrativa y Publicaciones
_c2012-
300 _av.
_c24 cm
310 _aBimestral
_b -2017
321 _a10 n. al año
_b -2016
362 0 _aN. 96 (2012)-
500 _aCerrada la suscripción de la ed. impresa, continua ed. electrónica
500 _aIncluye cinco series de periodicidad bianual: Derecho del Trabajo, Seguridad Social, Derecho Social Internacional y Comunitario, Economía y Sociología, Asuntos Sociales
541 _cGratuito
550 _aHasta el n. 136 (2018) editada por el Ministerio de Empleo y Seguridad Social
650 4 _aEspaña
_926964
650 4 _aseguridad social
_927034
650 4 _aderecho del trabajo
_927165
650 4 _acondiciones sociales
_930469
650 4 _aempleo
_928299
650 4 _928369
_arelaciones laborales
653 1 0 _aRelaciones laborales-Empleo
710 2 _aEspaña
_bMinisterio de Trabajo, Migraciones y Seguridad Social
_eed.
_939671
780 0 0 _tRevista del Ministerio de Trabajo e Inmigración
_w(ES-MaCES)25654
853 2 1 _bn.
_iaño
_vc
_wm
_ypm01,02,03,04,05,06,07,08,09,10
854 2 1 _bn. extra
_iaño
_vr
_wx
856 4 _uhttps://libreriavirtual.trabajo.gob.es/libreriavirtual/periodicas/0?page=0
_ytexto completo desde n. 1 (1997), embargo tres últimos números
866 0 _a2020-2021(2022)2023-
_zUbicación: DEPÓSITO - 55/1112
_zUbicación: SALA - REV.-2.0.-14
905 _1Boletín B
_fP-OL
_k
_nRevisDelMinEmpSS
_pA
942 _2CES
_cCR
_h2.0.
999 _c26062
_d26062